Statistics for Countries Containing These Three Letters #2

Click here to take the quiz!

General Stats

  • This quiz has been taken 905 times
  • The average score is 9 of 20

Answer Stats

sequencecountry% Correct
YPRCyprus
78%
PPIPhilippines
75%
NCEFrance
73%
UYAGuyana
72%
KHSKazakhstan
71%
ENYKenya
66%
DOVMoldova
61%
WZENew Zealand
51%
GANUganda
46%
GENArgentina
35%
YSIMalaysia
35%
EMEYemen
34%
SSIRussia
31%
TUGPortugal
30%
LLESeychelles
30%
TLUSaint Lucia
22%
RIBKiribati
13%
AFABurkina Faso
12%
IBODjibouti
12%
LLIMarshall Islands
12%

Score Distribution

Percentile by Number Answered

Percent of People with Each Score

Your Score History

You have not taken this quiz